| 000 | 00451nam a22001817a 4500 | ||
|---|---|---|---|
| 003 | CEME | ||
| 005 | 20210628202736.0 | ||
| 008 | 210104b xxu||||| |||| 00| 0 eng d | ||
| 020 | _a9788177585759 | ||
| 040 | _cceme | ||
| 082 | _a004.33 LIU | ||
| 100 |
_aLiu, Jane W.S _961371 |
||
| 245 | _aReal time systems | ||
| 260 |
_aINDIA _bPEARSON EDUCATION _c2015 |
||
| 300 | _a624P | ||
| 650 |
_aTEXTBOOK-DEE.REAL TIME SYSTEMS _961372 |
||
| 942 |
_cBK _2ddc |
||
| 999 |
_c570847 _d570847 |
||